Individual-level predictors of community aftercare completion
| Authors: | ; ; |
|---|---|
| Format: | Electronic Article |
| Language: | English |
| Published: |
2012
|
| In: |
The prison journal
Year: 2012, Volume: 92, Issue: 1, Pages: 106-124 |
| Online Access: |
Volltext (lizenzpflichtig) Volltext (lizenzpflichtig) |
| Check availability: | HBZ Gateway |
MARC
| LEADER | 00000caa a22000002c 4500 | ||
|---|---|---|---|
| 001 | 1912589656 | ||
| 003 | DE-627 | ||
| 005 | 20250122055008.0 | ||
| 007 | cr uuu---uuuuu | ||
| 008 | 241217s2012 xx |||||o 00| ||eng c | ||
| 024 | 7 | |a 10.1177/0032885511429261 |2 doi | |
| 035 | |a (DE-627)1912589656 | ||
| 035 | |a (DE-599)KXP1912589656 | ||
| 040 | |a DE-627 |b ger |c DE-627 |e rda | ||
| 041 | |a eng | ||
| 084 | |a 2,1 |2 ssgn | ||
| 100 | 1 | |a Houser, Kimberly A. |e VerfasserIn |4 aut | |
| 245 | 1 | 0 | |a Individual-level predictors of community aftercare completion |
| 264 | 1 | |c 2012 | |
| 336 | |a Text |b txt |2 rdacontent | ||
| 337 | |a Computermedien |b c |2 rdamedia | ||
| 338 | |a Online-Ressource |b cr |2 rdacarrier | ||
| 700 | 1 | |a Welsh, Wayne N. |d 1957- |e VerfasserIn |0 (DE-588)1089874901 |0 (DE-627)853670501 |0 (DE-576)167988778 |4 aut | |
| 700 | 1 | |a Salvatore, Christopher |e VerfasserIn |4 aut | |
| 773 | 0 | 8 | |i Enthalten in |t The prison journal |d London : Sage, 1921 |g 92(2012), 1, Seite 106-124 |h Online-Ressource |w (DE-627)324534272 |w (DE-600)2028491-3 |w (DE-576)096930292 |x 1552-7522 |7 nnas |
| 773 | 1 | 8 | |g volume:92 |g year:2012 |g number:1 |g pages:106-124 |
| 787 | 0 | 8 | |i Forschungsdaten |a Welsh, Wayne N. |t Evaluation of Drug Treatment Programs at the State Correctional Institution in Chester, Pennsylvania, 2003-2004 |d [Erscheinungsort nicht ermittelbar] : [Verlag nicht ermittelbar], 2007 |w (DE-627)1840056703 |
| 856 | 4 | 0 | |u https://doi.org/10.1177/0032885511429261 |x Resolving-System |z lizenzpflichtig |3 Volltext |7 1 |
| 856 | 4 | 0 | |u https://www.ncjrs.gov/app/publications/abstract.aspx?id=260237 |x Verlag |z lizenzpflichtig |3 Volltext |7 1 |
| 935 | |a mkri | ||
| 951 | |a AR | ||
| ELC | |a 1 | ||
| LOK | |0 000 xxxxxcx a22 zn 4500 | ||
| LOK | |0 001 4637555159 | ||
| LOK | |0 003 DE-627 | ||
| LOK | |0 004 1912589656 | ||
| LOK | |0 005 20241217044606 | ||
| LOK | |0 008 241217||||||||||||||||ger||||||| | ||
| LOK | |0 035 |a (DE-2619)ICPSR137855 | ||
| LOK | |0 040 |a DE-2619 |c DE-627 |d DE-2619 | ||
| LOK | |0 092 |o n | ||
| LOK | |0 852 |a DE-2619 | ||
| LOK | |0 852 1 |9 00 | ||
| LOK | |0 935 |a nacp | ||
| LOK | |0 939 |a 17-12-24 |b l01 | ||
| ORI | |a SA-MARC-krimdoka001.raw | ||
